• 首页
  • 本馆介绍
  • 公告通知
  • 最新文献
  • 馆藏检索
  • 电子资源
  • 读者导购
  • 参考咨询
  • 我的图书馆
  • 登录
  • 详细信息显示
  • 放入我的书架
  • 预约/预借图书
  • 作者相关作品
  • 分类相关作品
  • 丛书相关作品
  • 出版社相关作品

书目信息

  • 表格格式
  • 工作单格式
  • 卡片格式
题名:
精细有机合成工艺学
    
 
作者: 唐培堃 , 冯亚青 , 王世荣 主编
分册:  
出版信息: 北京   化学工业出版社  2018重印
页数: 226页
开本: 26cm
丛书名: 教育部高等学校化学工程与工艺专业教学指导分委员会推荐教材
单 册:
中图分类: TQ203-43
科图分类: 81.2
主题词: 精细化工--Jing Xi Hua Gong--有机合成--高等学校--教材
电子资源:
ISBN: 978-7-122-11617-8
000 01487cam 2200313 45
001 012001000761
005 20140106164948.0
010    @a978-7-122-11617-8@dCNY29.00
099    @aCAL 012011311245
100    @a20111018d2011 ekmy0chiy50 ea
101 0  @achi
102    @aCN@b110000
105    @aak a 000yy
106    @ar
200 1  @a精细有机合成工艺学@Ajing xi you ji he cheng gong yi xue@e简明版@f唐培堃, 冯亚青, 王世荣主编
210    @a北京@c化学工业出版社@d2018重印
215    @a226页@c图@d26cm
225 2  @a教育部高等学校化学工程与工艺专业教学指导分委员会推荐教材@AJiao Yu Bu Gao Deng Xue Xiao Hua Xue Gong Cheng Yu Gong Yi Zhuan Ye Jiao Xue Zhi Dao Fen Wei Yuan Hui Tui Jian Jiao Cai
320    @a有书目 (第224-226页)
330    @a本书是根据作者所编写的长学时课程教材《精细有机合成化学与工艺学》(第二版)进行精炼和查新编写而成的,适用于化工、化学类专业作为短学时课程教材。本书以单元反应为体系,概述了十二个单元反应的化学与工艺学。在叙述各单元反应的生产实例时,着重介绍了近年来刚刚工业化的新工艺、新技术、新合成路线和科技创新思想。并在每章末给出一定数量的习题。
410  0 @12001@a教育部高等学校化学工程与工艺专业教学指导分委员会推荐教材
606 0  @a精细化工@AJing Xi Hua Gong@x有机合成@x高等学校@j教材
690    @aTQ203-43@v4
692    @a81.2@v3
701  0 @a唐培堃@Atang pei kun@4主编
701  0 @a冯亚青@Afeng ya qing@4主编
701  0 @a王世荣@Awang shi rong@4主编
801  0 @aCN@b北京卓展文化@c20191020
905    @b1200949-52@dTQ203-43@e43@f4
    
    精细有机合成工艺学:简明版/唐培堃, 冯亚青, 王世荣主编.-北京:化学工业出版社,2018重印
    226页:图;26cm.-(教育部高等学校化学工程与工艺专业教学指导分委员会推荐教材)
    
    
    ISBN 978-7-122-11617-8:CNY29.00
    本书是根据作者所编写的长学时课程教材《精细有机合成化学与工艺学》(第二版)进行精炼和查新编写而成的,适用于化工、化学类专业作为短学时课程教材。本书以单元反应为体系,概述了十二个单元反应的化学与工艺学。在叙述各单元反应的生产实例时,着重介绍了近年来刚刚工业化的新工艺、新技术、新合成路线和科技创新思想。并在每章末给出一定数量的习题。
●
相关链接 在E读中查询图书 在五车中查询图书 在当当中查询图书 在豆瓣中查询图书


正题名:精细有机合成工艺学     索取号:TQ203-43/43         预约/预借

序号 登录号 条形码 馆藏地/架位号 状态 备注
1 1200949   212009495   第二样本阅览室/ [索取号:TQ203-43/43] 在馆    
2 1200950   212009501   第三借阅区/ [索取号:TQ203-43/43] 在馆    
3 1200951   212009510   第三借阅区/ [索取号:TQ203-43/43] 在馆    
4 1200952   212009529   第三借阅区/ [索取号:TQ203-43/43] 在馆    
唐山师范学院图书馆 欢迎您!
大连网信软件有限公司© 版权所有